[Event "62nd ch-IND 2025"]
[Site "Guntur IND"]
[Date "2025.09.23"]
[Round "3.21"]
[White "Badole Shaunak"]
[Black "Srihari, L"]
[Result "0-1"]
[BlackTitle "IM"]
[WhiteElo "2086"]
[BlackElo "2373"]
[WhiteFideId "25952900"]
[BlackFideId "46642056"]
[EventDate "2025.09.21"]

1. e4 c5 2. Nf3 d6 3. d4 cxd4 4. Nxd4 Nf6 5. Nc3 Nc6 6. Bg5 e6 7. Qd2 a6 8.
O-O-O Be7 9. f4 Bd7 10. Nf3 h6 11. Bxf6 gxf6 12. f5 Qb6 13. g3 Qc5 14. Bh3 O-O-O
15. Kb1 Kb8 16. Rhe1 Ne5 17. Qe3 Qa5 18. Nd2 Rc8 19. Nb3 Qc7 20. Bf1 h5 21. h3
b5 22. Rd4 Nc6 23. Rdd1 Na5 24. Rd4 Qb6 25. a4 Nxb3 26. cxb3 d5 27. fxe6 fxe6
28. b4 bxa4 29. exd5 e5 30. Rd2 Qxe3 31. Rxe3 Bxb4 32. Bxa6 Rc5 33. Rf3 f5 34.
Re3 Ra5 35. Bf1 e4 36. Rc2 Rg8 37. Na2 Bc5 38. Rec3 Bd6 39. Rg2 Rg7 40. Kc2 Rxd5
41. Re3 Rc5+ 42. Nc3 Be5 43. Rd2 Be6 44. Rd8+ Kc7 45. Rh8 Bb3+ 46. Kb1 Rd7 47.
Rxh5 Bxc3 48. bxc3 Rd1+ 49. Kb2 Rxf1 50. g4 Rf2+ 51. Ka3 Rc4 52. Rh7+ Kb6 53.
Rh6+ Kc5 54. g5 Ra2# 0-1

[Event "62nd ch-IND 2025"]
[Site "Guntur IND"]
[Date "2025.09.23"]
[Round "3.22"]
[White "Ritviz, Parab"]
[Black "Gadhavi Veerbhadrasinh"]
[Result "0-1"]
[WhiteTitle "IM"]
[BlackTitle "CM"]
[WhiteElo "2372"]
[BlackElo "2077"]
[WhiteFideId "5073367"]
[BlackFideId "25793136"]
[EventDate "2025.09.21"]

1. e4 c6 2. d4 d5 3. e5 c5 4. Nf3 Nc6 5. dxc5 Bg4 6. c3 e6 7. Bb5 Bxf3 8. Qxf3
Bxc5 9. Be3 Qb6 10. Bxc6+ bxc6 11. Bxc5 Qxc5 12. Nd2 Qb5 13. b4 a5 14. a4 Qb8
15. Qf4 Ne7 16. Nf3 Ng6 17. Qd4 O-O 18. O-O f6 19. exf6 e5 20. Qc5 Rxf6 21. b5
Qc8 22. Rae1 Rxf3 23. gxf3 Qh3 24. Qxc6 Rd8 25. Qc7 Rf8 26. Rxe5 Nf4 0-1

[Event "62nd ch-IND 2025"]
[Site "Guntur IND"]
[Date "2025.09.23"]
[Round "3.23"]
[White "Manish Anto, Cristiano F"]
[Black "Srijon Saha"]
[Result "1-0"]
[WhiteTitle "IM"]
[WhiteElo "2368"]
[BlackElo "2076"]
[WhiteFideId "25095927"]
[BlackFideId "33442215"]
[EventDate "2025.09.21"]

1. e4 e5 2. Nf3 Nc6 3. Bb5 Nf6 4. d3 Bc5 5. O-O d6 6. c3 O-O 7. h3 a6 8. Ba4 h6
9. d4 Ba7 10. Re1 Bd7 11. Be3 exd4 12. cxd4 Re8 13. d5 Ne5 14. Nxe5 Bxa4 15.
Qxa4 Bxe3 16. Rxe3 Rxe5 17. Nd2 Qe8 18. Qd4 c5 19. dxc6 bxc6 20. Qxd6 Nxe4 21.
Nxe4 Rxe4 22. Rae1 f5 23. Rxe4 fxe4 24. Qd4 Qe6 25. b3 Re8 26. Qa7 Qc8 27. Rd1
Re5 28. Rd7 Qf8 29. Qxa6 e3 30. Qc4+ Kh8 31. fxe3 Rxe3 32. Qf7 Qxf7 33. Rxf7 Re2
34. a4 Rb2 35. Rb7 c5 36. a5 Kh7 37. a6 Kg6 38. Rb6+ Kf7 39. Kh2 Ke7 40. Kg3 Kd7
41. a7 Ra2 42. Rg6 Ra3 43. Kf4 Kc7 44. Rxg7+ 1-0

[Event "62nd ch-IND 2025"]
[Site "Guntur IND"]
[Date "2025.09.23"]
[Round "3.24"]
[White "Abhishek T M"]
[Black "Nayak, Rajesh"]
[Result "1-0"]
[BlackTitle "FM"]
[WhiteElo "2077"]
[BlackElo "2352"]
[WhiteFideId "35048252"]
[BlackFideId "35017152"]
[EventDate "2025.09.21"]

1. e4 e5 2. Nf3 Nc6 3. Bb5 f5 4. d3 fxe4 5. dxe4 Nf6 6. O-O d6 7. h3 Be7 8. Nc3
O-O 9. Bc4+ Kh8 10. Ng5 Qe8 11. f4 exf4 12. Bxf4 Qg6 13. Qd3 Nh5 14. Be3 Bxh3
15. Bf7 Rxf7 16. Nxf7+ Kg8 17. Ng5 Bxg5 18. Qd5+ Be6 19. Qxg5 Qxg5 20. Bxg5 h6
21. Be3 Nf6 22. Bxh6 Nd4 23. Rac1 Bc4 24. Rfd1 Ne2+ 25. Nxe2 Bxe2 26. Re1 Bc4
27. Bf4 Nh5 28. Bh2 Be6 29. c4 b6 30. e5 dxe5 31. Rxe5 Bf7 32. Re7 c5 33. Rb7
Nf6 34. Rb8+ Rxb8 35. Bxb8 a6 36. Ba7 Nd7 37. Rd1 Ne5 38. b3 1-0

[Event "62nd ch-IND 2025"]
[Site "Guntur IND"]
[Date "2025.09.23"]
[Round "3.25"]
[White "Nitin, S."]
[Black "Sanjay, S Pillai"]
[Result "1/2-1/2"]
[WhiteTitle "IM"]
[WhiteElo "2316"]
[BlackElo "2074"]
[WhiteFideId "5018277"]
[BlackFideId "25043943"]
[EventDate "2025.09.21"]

1. Nf3 c5 2. g3 Nc6 3. Bg2 g6 4. O-O Bg7 5. d3 e5 6. c4 Nge7 7. Nc3 d6 8. a3 O-O
9. Rb1 a5 10. Ne1 Be6 11. Nc2 d5 12. cxd5 Nxd5 13. Ne3 Nxe3 14. Bxe3 Nd4 15.
Bxb7 Rb8 16. Bg2 Bb3 17. Qd2 f5 18. Rbc1 Bf7 19. Bxd4 Qxd4 20. Bd5 e4 21. Bxf7+
Rxf7 22. Nd1 exd3 23. exd3 Rd8 24. Qxa5 f4 25. Qxc5 Qxd3 26. Qc4 Qf3 27. Qe6
fxg3 28. hxg3 Bd4 29. Qh3 Rdf8 30. Rc8 Rxc8 31. Qxc8+ Kg7 32. Qh3 Qb3 33. Qg4
Bxb2 34. Nxb2 Qxb2 35. Qb4 Rb7 36. Qxb2+ Rxb2 37. Ra1 Rb5 38. a4 Ra5 39. Kf1 Kf6
40. Ke2 Ke5 41. Kd3 Kd5 42. Kc3 Kc5 43. f4 h5 44. Ra3 g5 45. fxg5 Kb6 46. g6 Rg5
47. a5+ Ka6 48. Kd2 Rxg6 49. Ke2 Rg4 50. Kf3 Rg5 51. Ra4 Kb5 52. Re4 Kxa5 53.
Kg2 Kb5 54. Kh3 Kc6 55. Kh4 Rg8 56. Re3 Kd5 57. Kxh5 Kd4 58. Rf3 Ke4 59. Rf4+
Ke5 60. Kh4 Rh8+ 61. Kg4 Rg8+ 62. Kf3 Rg6 63. Rf8 Ke6 64. Kg2 Rf6 65. Ra8 Kf5
66. Ra5+ Kg6 67. g4 Rb6 68. Kg3 Rc6 1/2-1/2

[Event "62nd ch-IND 2025"]
[Site "Guntur IND"]
[Date "2025.09.23"]
[Round "3.26"]
[White "Mahindrakar, Indrajeet"]
[Black "Swarna Nihal"]
[Result "1-0"]
[BlackTitle "FM"]
[WhiteElo "2074"]
[BlackElo "2305"]
[WhiteFideId "35023721"]
[BlackFideId "25683640"]
[EventDate "2025.09.21"]

1. d4 Nf6 2. Nc3 d5 3. Bf4 a6 4. e3 b5 5. a3 Bb7 6. g4 e6 7. g5 Nfd7 8. Nf3 c5
9. h4 Nc6 10. Qd2 Qa5 11. Ra2 e5 12. Bg3 cxd4 13. exd4 Nxd4 14. Bg2 Nf5 15. Bxe5
Nxe5 16. Nxe5 Bd6 17. Nxf7 O-O 18. Nxd6 Nxd6 19. O-O Kh8 20. b4 Qc7 21. Raa1
Rac8 22. Nxd5 Bxd5 23. Qxd5 Nf5 24. h5 Qf4 25. g6 Nh4 26. Rae1 Rf5 27. Qb7 Rb8
28. Re4 Nf3+ 29. Bxf3 Rg5+ 30. Bg2 Rxg2+ 31. Kxg2 Qg5+ 32. Kf3 Qxh5+ 33. Ke3
Qg5+ 34. Ke2 Qh5+ 35. Ke1 Rd8 36. Qd7 1-0

[Event "62nd ch-IND 2025"]
[Site "Guntur IND"]
[Date "2025.09.23"]
[Round "3.27"]
[White "Naveen K S"]
[Black "Alekhya, Mukhopadhyay"]
[Result "0-1"]
[WhiteElo "1974"]
[BlackElo "2264"]
[WhiteFideId "25698257"]
[BlackFideId "25600826"]
[EventDate "2025.09.21"]

1. d4 f5 2. Nc3 Nf6 3. Bf4 e6 4. g4 Nxg4 5. e4 d5 6. exf5 exf5 7. Qe2+ Be7 8. f3
Nf6 9. Nh3 O-O 10. O-O-O Bd6 11. Rg1 c6 12. Qg2 Rf7 13. Re1 Bxf4+ 14. Nxf4 Qd6
15. Qg5 Nbd7 16. Ne6 g6 17. Bd3 Nf8 18. Nf4 Ne6 19. Nxe6 Bxe6 20. h4 Kh8 21. Ne2
Nh5 22. f4 Bd7 23. Ref1 Qe6 24. c3 Qf6 25. Ng3 Ng7 26. Qxf6 Rxf6 27. Kd2 Re8 28.
Re1 Rxe1 29. Rxe1 Re6 30. Rxe6 Nxe6 31. Ke3 Kg7 32. b4 Kf6 33. a3 h6 34. Kf3 Nd8
35. Ne2 Nf7 36. Ke3 Be6 37. Kf3 Nd6 38. Ke3 Bf7 39. Kf3 Be8 40. Ke3 Bf7 41. Ng3
b6 42. Ne2 Be8 43. Ng3 Nf7 44. Bc2 Nd8 45. Bd3 Ne6 46. Bc2 Bd7 47. Bd3 c5 48.
bxc5 bxc5 49. dxc5 Nxc5 50. c4 Ke6 51. Kd4 Kd6 52. h5 Nxd3 53. Kxd3 gxh5 54.
Nxh5 Be8 55. Ng3 Kc5 56. cxd5 Kxd5 57. Kc3 Bg6 58. Kd3 h5 59. Ne2 h4 60. Nc3+
Kc5 61. Na4+ Kd6 62. Ke3 Be8 63. Nc3 Bc6 64. Kf2 Kc5 65. Nd1 a5 66. Ne3 Be4 67.
Nf1 Kc4 68. Nd2+ Kb5 69. Kg1 Bd5 70. Kh2 Ka4 71. Kh3 Kxa3 72. Kxh4 Kb2 73. Kg5
a4 74. Kxf5 a3 75. Ke5 Bg8 76. Kd4 0-1

[Event "62nd ch-IND 2025"]
[Site "Guntur IND"]
[Date "2025.09.23"]
[Round "3.28"]
[White "Harshit, Ranjan Sahu"]
[Black "Shreyash Singh"]
[Result "1-0"]
[WhiteTitle "CM"]
[WhiteElo "2258"]
[BlackElo "2065"]
[WhiteFideId "25638815"]
[BlackFideId "33426058"]
[EventDate "2025.09.21"]

1. e4 c5 2. Nf3 Nc6 3. d4 cxd4 4. Nxd4 e6 5. Nc3 Qc7 6. Be3 a6 7. a3 b5 8. f4
Bb7 9. Nxc6 Bxc6 10. Bd3 Nf6 11. O-O Be7 12. Qe2 h5 13. Rae1 h4 14. h3 Rc8 15.
Bd4 Nh5 16. Qg4 Nf6 17. Qe2 Nh5 18. Qe3 Bb7 19. b4 Ng3 20. Rf2 Bf6 21. e5 Be7
22. f5 exf5 23. Ne2 Nxe2+ 24. Qxe2 Bd5 25. Bxf5 Qc6 26. Qg4 g6 27. e6 gxf5 28.
exf7+ Kd8 29. Rxf5 Rh6 30. Rxe7 Kxe7 31. Qg5+ Ke6 32. Rf6+ 1-0

[Event "62nd ch-IND 2025"]
[Site "Guntur IND"]
[Date "2025.09.23"]
[Round "3.29"]
[White "Shaikh Sohil"]
[Black "Kumaresh, A"]
[Result "0-1"]
[BlackTitle "CM"]
[WhiteElo "1934"]
[BlackElo "2256"]
[WhiteFideId "25918028"]
[BlackFideId "45022259"]
[EventDate "2025.09.21"]

1. d4 Nf6 2. Nf3 g6 3. Bf4 Bg7 4. e3 O-O 5. Be2 d6 6. h3 Nbd7 7. O-O Qe8 8. c4
e5 9. Bh2 Ne4 10. Nc3 Nxc3 11. bxc3 Qe7 12. Re1 b6 13. e4 Bb7 14. Bd3 Bc6 15.
Rb1 Rad8 16. Qc2 Kh8 17. Bg3 Rde8 18. h4 Bf6 19. Qd2 Rg8 20. Bc2 Kg7 21. Rbd1
Qd8 22. Qc1 Qa8 23. Qb1 Re7 24. Re2 h6 25. Rde1 Rge8 26. Re3 Nb8 27. Bd3 Bd7 28.
d5 Na6 29. Nh2 Rf8 30. Rf3 Ree8 31. h5 Qd8 32. c5 Nxc5 33. Bb5 a6 34. Bxd7 Qxd7
35. Qd1 Bg5 36. c4 f5 37. exf5 gxf5 38. Nf1 f4 39. Bh2 Qg4 40. Qc2 Qxh5 41. Nd2
e4 42. Nxe4 Nxe4 43. Rxe4 Qg6 0-1

[Event "62nd ch-IND 2025"]
[Site "Guntur IND"]
[Date "2025.09.23"]
[Round "3.30"]
[White "Nandish V S"]
[Black "Ramakrishna, J."]
[Result "1-0"]
[WhiteTitle "CM"]
[BlackTitle "FM"]
[WhiteElo "2252"]
[BlackElo "2028"]
[WhiteFideId "45084297"]
[BlackFideId "5008174"]
[EventDate "2025.09.21"]

1. c4 e6 2. Nf3 Nf6 3. g3 b6 4. Bg2 Bb7 5. d4 Bb4+ 6. Bd2 Be7 7. O-O d6 8. Nc3
Nbd7 9. Qc2 O-O 10. Rad1 a6 11. e4 b5 12. cxb5 axb5 13. a3 Qb8 14. Rfe1 e5 15.
Nh4 g6 16. dxe5 Nxe5 17. Bg5 c6 18. h3 Re8 19. Qc1 Nfd7 20. Bxe7 Rxe7 21. Kh2 f6
22. Ne2 c5 23. Nc3 Bc6 24. f4 Nf7 25. Nd5 Bxd5 26. exd5 Rxe1 27. Rxe1 b4 28.
axb4 Qxb4 29. Re4 Qa5 30. Qc2 Rb8 31. Re2 Nf8 32. Nf3 Qb4 33. Qd3 Nh6 34. Nd2
Qd4 35. Qxd4 cxd4 36. Ne4 d3 37. Rd2 Nd7 38. Nxd6 Nf5 39. Nxf5 gxf5 40. Rxd3
Rxb2 41. d6 Kf8 42. h4 Kf7 43. Kh3 Ke6 44. Bd5+ Kxd6 45. Bg8+ Ke7 46. Re3+ Kf8
47. Bxh7 Rb5 48. Bg6 Nb6 49. h5 Nd5 50. Re8+ Kg7 51. Kh4 Rc5 52. Rd8 Rc1 53.
Rd7+ Kf8 54. Bxf5 Rh1+ 55. Bh3 Ne3 56. g4 Ng2+ 57. Kg3 Nxf4 58. Kxf4 Rxh3 59.
Kf5 Rf3+ 60. Kg6 Rf4 61. g5 fxg5 62. h6 Rh4 63. h7 g4 64. h8=Q+ Rxh8 65. Rd8+
Ke7 66. Rxh8 g3 67. Rh3 1-0

[Event "62nd ch-IND 2025"]
[Site "Guntur IND"]
[Date "2025.09.23"]
[Round "3.31"]
[White "Aaradhya Jain"]
[Black "Yohan Yadav Tarala"]
[Result "1-0"]
[BlackTitle "CM"]
[WhiteElo "1913"]
[BlackElo "2246"]
[WhiteFideId "25786113"]
[BlackFideId "33385300"]
[EventDate "2025.09.21"]

1. d4 d5 2. c4 e6 3. Nc3 a6 4. cxd5 exd5 5. Nf3 h6 6. Bf4 Nf6 7. h3 Bd6 8. Bxd6
Qxd6 9. e3 Bf5 10. Bd3 Bxd3 11. Qxd3 Nbd7 12. O-O O-O 13. Rac1 Rfe8 14. Nd2 Nb6
15. Nb3 c6 16. Nc5 Re7 17. Rc2 Rae8 18. Rfc1 g6 19. b3 Ne4 20. N3xe4 dxe4 21.
Qe2 Nd5 22. a3 Kh7 23. b4 Rc8 24. Na4 f5 25. Rc5 Rf8 26. g3 g5 27. Nc3 Nxc3 28.
R1xc3 f4 29. exf4 gxf4 30. Qd2 e3 31. fxe3 fxg3 32. Qc2+ Kh8 33. Rf5 Ref7 34.
Rxf7 Rxf7 35. Qe4 Re7 36. Qf4 Qg6 37. Qf8+ 1-0

[Event "62nd ch-IND 2025"]
[Site "Guntur IND"]
[Date "2025.09.23"]
[Round "3.32"]
[White "Sriansh Das"]
[Black "Shivamshika G"]
[Result "1/2-1/2"]
[WhiteTitle "FM"]
[WhiteElo "2245"]
[BlackElo "1981"]
[WhiteFideId "45030081"]
[BlackFideId "33384959"]
[EventDate "2025.09.21"]

1. e4 e6 2. d4 d5 3. Nc3 Bb4 4. exd5 exd5 5. Bd3 Nf6 6. Ne2 O-O 7. O-O Re8 8.
Ng3 c6 9. h3 Nbd7 10. Qf3 Nf8 11. Nce2 Ne6 12. Nf5 Bf8 13. Re1 Ne4 14. Neg3 g6
15. Nxe4 dxe4 16. Rxe4 gxf5 17. Qxf5 Ng7 18. Qxh7+ Kxh7 19. Rxe8+ Bf5 20. Rxd8
Rxd8 21. Bxf5+ Nxf5 22. c3 c5 23. g4 Nh4 24. Kf1 Bh6 25. Be3 f5 26. gxf5 Nxf5
27. Bxh6 Kxh6 28. dxc5 Rd2 29. b4 Kg5 30. a4 Kf4 31. Ra3 Nh4 32. b5 Nf3 33. Rb3
Rd1+ 34. Ke2 Rd2+ 35. Kf1 Ne5 36. Ke1 Ra2 37. Rb4+ Kf3 38. Kd1 Nd3 39. c6 bxc6
40. bxc6 Re2 41. Rb7 Nxf2+ 42. Kc1 Nd3+ 43. Kb1 Re6 44. c7 Rc6 45. Kc2 Nf4 46.
h4 Kg4 47. Kb3 Nd5 48. c4 Nxc7 49. Rxa7 Na6 50. Kc3 Kxh4 51. Rg7 Kh5 52. Kd4
Rd6+ 53. Ke5 Rc6 54. Kd4 Rd6+ 55. Ke5 Rc6 56. Kd5 Nb4+ 57. Kd4 Na6 58. Rb7 Kg4
59. Rb5 Nc7 60. a5 Ra6 61. Rb7 Na8 62. Rb5 Nc7 63. Rb7 Na8 64. Rb5 Nc7 65. Re5
Kf4 66. Re7 Ne6+ 67. Kc3 Ke5 68. Kb4 Kd6 69. Rh7 Ra8 70. Rb7 Nc5 71. Rb6+ Kc7
72. Kb5 Nb7 73. Rc6+ Kd7 74. Rh6 Nd6+ 75. Kb4 Nxc4 76. Rh7+ 1/2-1/2

[Event "62nd ch-IND 2025"]
[Site "Guntur IND"]
[Date "2025.09.23"]
[Round "3.33"]
[White "Shreyas"]
[Black "Setumadhav, Yellumahanthi"]
[Result "1-0"]
[BlackTitle "FM"]
[WhiteElo "1911"]
[BlackElo "2230"]
[WhiteFideId "33367469"]
[BlackFideId "25920669"]
[EventDate "2025.09.21"]

1. d4 Nf6 2. Nf3 d5 3. g3 e6 4. Bg2 Be7 5. O-O O-O 6. c4 a5 7. Nc3 Nbd7 8. b3 c5
9. cxd5 exd5 10. Be3 Re8 11. h3 b6 12. Ne5 Bb7 13. Nxd7 Qxd7 14. Na4 Qb5 15. Nc3
Qc6 16. Rc1 Bd6 17. Bg5 Ne4 18. Nxe4 dxe4 19. Be3 Rac8 20. dxc5 Bxc5 21. Bxc5
bxc5 22. Qe1 Qb6 23. Qc3 e3 24. Bxb7 exf2+ 25. Rxf2 Qxb7 26. Qxa5 Re3 27. Rc3
Qe4 28. Qa7 f6 29. Rxe3 Qxe3 30. Kg2 Qe4+ 31. Kh2 Qe3 32. Kg2 Qe4+ 33. Kh2 Qe3
34. Rg2 Qe6 35. Qb7 c4 36. bxc4 Rxc4 37. Qb8+ Kf7 38. Qb7+ Kg6 39. Qb1+ Re4 40.
a4 f5 41. a5 Rxe2 42. Qb6 Qxb6 43. axb6 Re8 44. Rb2 Rb8 45. b7 Kh5 46. Kg2 Kg6
47. Kf3 Kf6 48. h4 g6 49. Kf4 Kf7 50. Kg5 Kg7 51. h5 h6+ 52. Kf4 gxh5 53. Kxf5
Kf7 54. Rb6 Kg7 55. Ke5 Kf7 56. Kd6 Rxb7 57. Rxb7+ Kg6 58. Rb5 1-0

[Event "62nd ch-IND 2025"]
[Site "Guntur IND"]
[Date "2025.09.23"]
[Round "3.34"]
[White "Ankit Ray"]
[Black "Ebenezer, Joseph"]
[Result "1-0"]
[WhiteTitle "FM"]
[BlackTitle "CM"]
[WhiteElo "2221"]
[BlackElo "1925"]
[WhiteFideId "25770624"]
[BlackFideId "5003377"]
[EventDate "2025.09.21"]

1. Nf3 Nf6 2. g3 g6 3. Bg2 Bg7 4. O-O O-O 5. d4 d6 6. Re1 Ne4 7. c3 c6 8. Nbd2
Nxd2 9. Bxd2 e5 10. e4 Bg4 11. Be3 Qd7 12. Qd2 f6 13. h4 Rd8 14. Nh2 Bh3 15.
Rad1 Bxg2 16. Kxg2 Qf7 17. dxe5 fxe5 18. b3 Na6 19. Nf3 Nc7 20. Qe2 d5 21. Ng5
Qe8 22. Rh1 h6 23. Nf3 dxe4 24. Nd2 Nd5 25. Nxe4 Nxe3+ 26. Qxe3 b6 27. Qe2 Qe6
28. Rxd8+ Rxd8 29. Rd1 Rd5 30. Qf3 Qd7 31. Re1 Qf5 32. Qe3 Qd7 33. Qf3 Qf5 34.
Qe2 Qd7 35. h5 Qf5 36. hxg6 Qxg6 37. Qa6 Ra5 38. Qc8+ Kh7 39. a4 Rd5 40. Qc7 b5
41. Qxa7 b4 42. Qe3 bxc3 43. Qxc3 Rd4 44. Qf3 Qe6 45. Nc5 Qd5 46. Qxd5 Rxd5 47.
Rc1 Kg8 48. Na6 Rd6 49. Nb8 Rd3 50. b4 e4 51. Nxc6 Bd4 52. Rc4 Bf6 53. Rxe4 Kf7
54. Ne5+ Bxe5 55. Rxe5 Ra3 56. a5 Kf6 57. Rh5 Kg6 58. Rb5 1-0

[Event "62nd ch-IND 2025"]
[Site "Guntur IND"]
[Date "2025.09.23"]
[Round "3.35"]
[White "Prraneeth, Vuppala"]
[Black "Mrittika Mallick"]
[Result "1-0"]
[WhiteTitle "GM"]
[WhiteElo "2475"]
[BlackElo "2024"]
[WhiteFideId "46622373"]
[BlackFideId "25902997"]
[EventDate "2025.09.21"]

1. e4 c5 2. Nf3 d6 3. Nc3 Nf6 4. d4 cxd4 5. Qxd4 Nc6 6. Bb5 Bd7 7. Qd3 g6 8. Bg5
Bg7 9. O-O-O a6 10. Bxc6 Bxc6 11. Nd4 O-O 12. h4 Qa5 13. f3 Rfc8 14. Kb1 h6 15.
Bxf6 Bxf6 16. h5 g5 17. Nf5 Bd7 18. Nd5 Bxf5 19. exf5 Rc5 20. b4 Rxd5 21. bxa5
Rxd3 22. Rxd3 Rc8 23. Rb3 Rc5 24. g4 Rxa5 25. Rxb7 Re5 26. Rd1 Kf8 27. Rb6 a5
28. a4 Re2 29. Rb5 Re3 30. Rd3 Re1+ 31. Ka2 Ke8 32. Rxa5 Kd7 33. c3 Kc6 34. Rb5
Rc1 35. Rb1 Rc2+ 36. Kb3 Re2 37. Ka3 e6 38. fxe6 fxe6 39. a5 d5 40. a6 Be7+ 41.
Kb3 Bc5 42. Ra1 Ba7 43. Rd4 Re3 44. Rb4 d4 45. Rb7 Rxc3+ 46. Kb2 Bc5 47. Rf7 Re3
48. a7 Re2+ 49. Kb3 Kd5 1-0

[Event "62nd ch-IND 2025"]
[Site "Guntur IND"]
[Date "2025.09.23"]
[Round "3.36"]
[White "Srijak Sengupta"]
[Black "Harsh, Suresh"]
[Result "0-1"]
[BlackTitle "IM"]
[WhiteElo "2019"]
[BlackElo "2443"]
[WhiteFideId "25611356"]
[BlackFideId "45018464"]
[EventDate "2025.09.21"]

1. c4 e5 2. g3 h5 3. h4 Bc5 4. Bg2 d6 5. Nc3 Nc6 6. d3 Bg4 7. Nf3 Qd7 8. a3 a5
9. Bd2 Nf6 10. O-O Bxf3 11. Bxf3 Qh3 12. e3 Ng4 13. Bxg4 hxg4 14. Ne4 Rh5 15. b4
f5 16. bxc5 fxe4 17. Qb3 O-O-O 18. Rab1 Rxh4 19. Qxb7+ Kd7 20. gxh4 g3 21. fxg3
Qxg3+ 22. Kh1 Qxh4+ 23. Kg2 Qg4+ 24. Kf2 exd3 0-1

[Event "62nd ch-IND 2025"]
[Site "Guntur IND"]
[Date "2025.09.23"]
[Round "3.37"]
[White "Krishna, C R G"]
[Black "Vivaan Sardana"]
[Result "1/2-1/2"]
[WhiteTitle "IM"]
[WhiteElo "2440"]
[BlackElo "2008"]
[WhiteFideId "5018625"]
[BlackFideId "33397694"]
[EventDate "2025.09.21"]

1. d4 d5 2. Nf3 Nf6 3. e3 c5 4. Nbd2 Nc6 5. dxc5 e6 6. Nb3 Ne4 7. c4 dxc4 8.
Qxd8+ Nxd8 9. Bxc4 Nxc5 10. Bd2 Nc6 11. O-O-O Bd7 12. Nxc5 Bxc5 13. Bc3 f6 14.
Nd2 O-O-O 15. Ne4 Be7 16. Nd6+ Bxd6 17. Rxd6 Kc7 18. Rd2 e5 19. f3 Rhe8 20. Bd3
h6 21. Bg6 Rf8 22. Rc2 Kb8 23. Be4 Rfe8 24. g4 Be6 25. b4 Ne7 26. Rd1 Rxd1+ 27.
Kxd1 Rc8 28. Kd2 Nd5 29. a3 Nb6 30. Bd3 Nc4+ 1/2-1/2

[Event "62nd ch-IND 2025"]
[Site "Guntur IND"]
[Date "2025.09.23"]
[Round "3.38"]
[White "Andalamala Hemal Varshan"]
[Black "Das, Sayantan"]
[Result "1-0"]
[BlackTitle "GM"]
[WhiteElo "1998"]
[BlackElo "2435"]
[WhiteFideId "33315957"]
[BlackFideId "5034426"]
[EventDate "2025.09.21"]

1. e4 c5 2. Nf3 Nc6 3. Bb5 g6 4. O-O Bg7 5. Re1 e5 6. Bxc6 dxc6 7. d3 Qe7 8. Be3
Nf6 9. h3 O-O 10. Nbd2 Nh5 11. a4 Be6 12. b3 Rfd8 13. Rb1 Nf4 14. Nc4 f6 15.
Bxf4 exf4 16. e5 Bd5 17. exf6 Qxf6 18. Nce5 Re8 19. c4 Be6 20. b4 cxb4 21. Rxb4
b6 22. d4 Bf5 23. Rb2 Rad8 24. Rbe2 Rf8 25. a5 b5 26. cxb5 cxb5 27. Qb3+ Kh8 28.
Qxb5 h6 29. Qb7 g5 30. Ng4 Qd6 31. Re7 Rd7 32. Rxd7 Qxd7 33. Qxd7 Bxd7 34. Re7
Bf5 35. Nge5 a6 36. d5 Bf6 37. Ra7 Kg8 38. Rxa6 h5 39. d6 g4 40. d7 Kg7 41. Nd4
Bxe5 42. Nxf5+ Kf7 43. hxg4 hxg4 44. Nh6+ Ke7 45. Nxg4 Bd4 46. Rc6 Rd8 47. Rc7
Rb8 48. Rc4 Rb1+ 49. Kh2 Rd1 50. Rc7 Ra1 51. Nh6 Rxa5 52. Nf7 1-0

[Event "62nd ch-IND 2025"]
[Site "Guntur IND"]
[Date "2025.09.23"]
[Round "3.39"]
[White "Gopal Krishna Maheshwari"]
[Black "Deepan, Chakkravarthy J."]
[Result "0-1"]
[BlackTitle "GM"]
[WhiteElo "1996"]
[BlackElo "2407"]
[WhiteFideId "25174738"]
[BlackFideId "5011132"]
[EventDate "2025.09.21"]

1. e4 e5 2. Nf3 Nc6 3. Bc4 Nf6 4. d3 Be7 5. Nc3 O-O 6. O-O d6 7. a4 Bg4 8. h3
Bh5 9. Be3 Qc8 10. Nd5 Nxd5 11. Bxd5 Kh8 12. g4 Bg6 13. Ne1 Nd8 14. Ng2 c6 15.
Bb3 Ne6 16. h4 h6 17. Qf3 Bh7 18. Qh3 d5 19. exd5 cxd5 20. f4 d4 21. Bf2 exf4
22. Qf3 g5 23. Bd5 Rb8 24. Bxe6 Qxe6 25. hxg5 hxg5 26. Bxd4+ Bf6 27. Bxa7 Rbc8
28. Ne1 Kg7 29. Bf2 Bg6 30. d4 Be4 31. Qd1 Rh8 0-1

[Event "62nd ch-IND 2025"]
[Site "Guntur IND"]
[Date "2025.09.23"]
[Round "3.40"]
[White "Sidhant, Mohapatra"]
[Black "Aryan Behera"]
[Result "1-0"]
[WhiteTitle "IM"]
[WhiteElo "2384"]
[BlackElo "1993"]
[WhiteFideId "5028698"]
[BlackFideId "25149652"]
[EventDate "2025.09.21"]

1. Nf3 Nf6 2. c4 e6 3. g3 d5 4. Bg2 dxc4 5. O-O Nbd7 6. Qc2 a6 7. a4 Rb8 8. Qxc4
b5 9. axb5 axb5 10. Qc2 Bb7 11. d4 Be7 12. Bd2 Be4 13. Qc1 O-O 14. Ba5 Nb6 15.
Nbd2 Bd5 16. Qc2 Nc4 17. e4 Bb7 18. e5 Nxd2 19. Nxd2 Nd5 20. Rfc1 Bb4 21. Nb3
Bxa5 22. Nxa5 Nb4 23. Nxb7 Nxc2 24. Nxd8 Nxa1 25. Nc6 Ra8 26. Ne7+ Kh8 27. Bxa8
Rxa8 28. Rxc7 Nb3 29. Nc6 h6 30. Rxf7 Rc8 31. d5 exd5 32. e6 Re8 33. e7 Kg8 34.
Rf5 d4 35. Rxb5 Nc1 36. Rd5 d3 37. Kf1 Kf7 38. Ke1 Nb3 39. Rxd3 Nc5 40. Rd4 Ne6
41. Nd8+ Nxd8 42. Rxd8 Rxe7+ 43. Kf1 Rb7 44. Rd2 Ke6 45. h4 g5 46. hxg5 hxg5 47.
Ke2 Kf5 48. Kd1 Ke4 49. Kc2 Rc7+ 50. Kb3 Rb7+ 51. Ka4 Ra7+ 52. Kb5 Rb7+ 53. Kc6
Rb8 54. Kd7 g4 55. Kc7 Rb3 56. Kc6 Rb8 57. Kc5 Rc8+ 58. Kb4 Rb8+ 59. Kc3 Rc8+
60. Kb3 Rb8+ 61. Kc2 Rc8+ 62. Kd1 Rb8 63. Ke2 Rb3 64. Kf1 Ke5 65. Re2+ Kf5 66.
Rc2 Rb4 67. Ke2 Ke4 68. Kd2 Rb8 69. Rc4+ Kf3 70. Rf4+ Kg2 71. b4 Kh3 72. Kc3
Rc8+ 73. Kb3 Rc1 74. b5 Rb1+ 75. Kc4 Rb2 76. Kc5 Kg2 77. b6 1-0

[Event "62nd ch-IND 2025"]
[Site "Guntur IND"]
[Date "2025.09.23"]
[Round "3.41"]
[White "Sree Shaunak Chanda"]
[Black "Neelotpal, Das"]
[Result "1/2-1/2"]
[BlackTitle "GM"]
[WhiteElo "1984"]
[BlackElo "2371"]
[WhiteFideId "33326150"]
[BlackFideId "5003512"]
[EventDate "2025.09.21"]

1. d4 Nf6 2. c4 e6 3. Nc3 Bb4 4. e3 d5 5. a3 Bxc3+ 6. bxc3 c6 7. a4 O-O 8. Ba3
Re8 9. Nf3 Nbd7 10. cxd5 cxd5 11. Bd3 Qc7 12. Qb3 e5 13. dxe5 Nxe5 14. Nxe5 Qxe5
15. Bc5 Qg5 16. Bd4 Ne4 17. Bxe4 dxe4 18. Qb5 Bf5 19. O-O a6 20. Qa5 b5 21. Qc7
Bh3 22. Qg3 Qxg3 23. hxg3 Bd7 24. axb5 Bxb5 25. Rfb1 Rac8 26. f3 Bd3 27. Rb6 Rb8
28. Rb4 f5 29. Rba4 Rec8 30. Ra5 Bb5 31. Rb1 g6 32. fxe4 fxe4 33. Rb2 Rf8 34.
Kh2 h5 35. Rb4 Bd3 36. Rc5 Rxb4 1/2-1/2